000 00607nam a2200193 i 4500
001 106940
003 ES-MaACL
005 20250930063109.0
007 t|
008 061121s1957 sp r ||||1| spa d
100 1 _aMoragas, Jerónimo de,
_d1901-1965
_982915
245 1 0 _aPsicología del niño y del adolescente... /
_cJerónimo de Moragas.
260 _aBarcelona :
_bLabor,
_c1957.
300 _aX, 250 p. :
_blám. ;
_c23 cm.
650 0 4 _aNiños-
_xPsicología.
_915554
650 0 4 _aAdolescentes-
_xPsicología.
_99649
852 _aES-MaACL
_jC-12163
_bR.39941
999 _c106940
_d106940